SC-Freiburg - Alle Trainer seit 1972 - Statistiken

Allgemein
  • Dieses Quiz wurde 27 mal gespielt
  • Das Durchschnittsergebnis liegt bei 4 aus 24
Antwortstatistiken
Antwort % Korrekt
12/2011 - 06/2024 Christian Streich
100%
07/1991 - 06/2007 Volker Finke
74%
ab 07/2024 Julian Schuster
70%
07/2007 - 06/2011 Robin Dutt
67%
07/2011 - 12/2011 Marcus Sorg
48%
07/1990 - 06/1991 Eckhard Krautzun
7%
09/1978 - 06/1979 Heinz Baas
7%
07/1984 - 12/1985 Antun Rudinski
4%
12/1989 - 06/1990 Bernd Hoss
4%
01/1989 - 04/1989 Fritz Fuchs
4%
07/1983 - 06/1984 Fritz Fuchs
4%
01/1981 - 06/1981 Horst Zick
4%
07/1986 - 12/1988 Jörg Berger
4%
2/1985 - 03/1986 Jupp Becker
4%
07/1979 - 06/1980 Jupp Becker
4%
03/1981 - 06/1981 Karl-Heinz Bente
4%
03/1986 - 06/1986 Kurt Rettenberger
4%
07/1989 - 08/1989 Lorenz-Günther Köstner
4%
07/1972 - 09/1978 Manfred Brief
4%
07/1980 - 01/1981 Norbert Wagner
4%
08/1989 - 11/1989 Uwe Ehret
4%
04/1989 - 06/1989 Uwe Ehret
4%
07/1982 - 06/1983 Werner Olk
4%
07/1981 - 06/1982 Lutz Hangartner
0%
Keine übereinstimmenden Quizze gefunden
Verteilung der Resultate
Anzahl Personen mit jedem Resultat
Perzentil nach korrekt beantworteten Fragen
Ihre Resultats-Entwicklung
Sie haben dieses Quiz noch nicht gespielt